[Event "División  Honor Aragonesa 2018 "]
[Site "Aragon"]
[Date "2018.03.03"]
[Round "6.13"]
[White "Nicolas Zapata, Irene"]
[Black "Romero Pallares, Daniel"]
[Result "1-0"]
[WhiteElo "2244"]
[BlackElo "2203"]
[PlyCount "109"]
[EventDate "2018.??.??"]
[EventType "tourn"]
[EventRounds "10"]
[EventCountry "ESP"]
[WhiteTeam "Teruel"]
[BlackTeam "Palacio de Pioneros"]

1. Nf3 Nf6 2. d4 g6 3. g3 Bg7 4. Bg2 O-O 5. O-O d6 6. Nc3 Nc6 7. d5 Na5 8. Qd3
c5 9. e4 a6 10. a4 Rb8 11. h3 b5 12. axb5 axb5 13. e5 Ne8 14. Bf4 b4 15. Ne4
Qb6 16. Rfb1 Ba6 17. Qd1 Nb7 18. c3 Ra8 19. Qa4 Bd3 20. Qxa8 Bxe4 21. Rd1 Bxd5
22. Qa7 Qxa7 23. Rxa7 Bc6 24. cxb4 cxb4 25. Rc1 Bd5 26. Rc8 Bxf3 27. Bxf3 dxe5
28. Bxe5 Bxe5 29. Rxb7 Bd6 30. h4 h5 31. Ra7 Nf6 32. Rc4 Kg7 33. Kf1 Rb8 34. b3
Nh7 35. Rc2 Rb5 36. Be2 Rf5 37. Bd3 Rd5 38. Bc4 Rf5 39. Kg2 Nf6 40. Re2 Ng4 41.
Rb7 Ne5 42. Rb5 f6 43. Be6 Nc6 44. Bxf5 gxf5 45. Rb7 Kf8 46. Rd2 Be5 47. Ra2
Bc3 48. Re2 Be5 49. f4 Bd6 50. Rd2 Ke8 51. Rb5 Kd7 52. Rxf5 Kc7 53. Rxh5 Kb6
54. Rhd5 Na5 55. Rxa5 1-0

[Event "División  Honor Aragonesa 2018 "]
[Site "Aragon"]
[Date "2018.03.03"]
[Round "6.15"]
[White "Dominguez Bujeda, Jesus"]
[Black "Dan, Teodor"]
[Result "0-1"]
[WhiteElo "2097"]
[BlackElo "2164"]
[PlyCount "118"]
[EventDate "2018.??.??"]
[EventType "tourn"]
[EventRounds "10"]
[EventCountry "ESP"]
[WhiteTeam "Teruel"]
[BlackTeam "Palacio de Pioneros"]

1. d4 g6 2. c4 Nf6 3. Nc3 Bg7 4. e4 d6 5. f3 O-O 6. Bg5 c5 7. d5 e6 8. Nge2 Qa5
9. Ng3 exd5 10. cxd5 Bd7 11. Bd2 Bc8 12. Be2 Nbd7 13. Nf1 a6 14. a4 Ne8 15. Ne3
f5 16. Nc4 Qd8 17. exf5 Rxf5 18. O-O Ne5 19. Ne3 Rf8 20. f4 Nf7 21. Nc4 Nh6 22.
g4 Qh4 23. g5 Ng4 24. Bxg4 Bxg4 25. Qe1 Bd4+ 26. Be3 Qxe1 27. Raxe1 Bxc3 28.
bxc3 b5 29. Nb6 Ra7 30. Bd2 bxa4 31. Nc4 Raf7 32. Rf2 Nc7 33. Nxd6 Rd7 34. Ne4
Nxd5 35. c4 Nb6 36. Nf6+ Rxf6 37. gxf6 Nxc4 38. Bc3 Kf7 39. h3 Bxh3 40. Rh2 Rd3
41. Re7+ Kg8 42. Rc2 a3 43. Be5 Ne3 44. Rxc5 a2 45. Rg7+ Kf8 46. Rcc7 Rd1+ 47.
Kh2 Be6 48. Ra7 Nf1+ 49. Kg2 Ne3+ 50. Kf3 Bd5+ 51. Kxe3 Re1+ 52. Kd2 Rxe5 53.
Rxa6 Re2+ 54. Kc1 Re1+ 55. Kd2 a1=Q 56. Rxa1 Rxa1 57. Rxh7 Ra6 58. f5 gxf5 59.
Ke3 Rxf6 0-1

[Event "División  Honor Aragonesa 2018 "]
[Site "Aragon"]
[Date "2018.03.03"]
[Round "6.16"]
[White "Baquedano Coarasa, Pablo"]
[Black "Martin Catalan, Juan Vicente"]
[Result "1/2-1/2"]
[WhiteElo "2156"]
[BlackElo "2055"]
[PlyCount "130"]
[EventDate "2018.??.??"]
[EventType "tourn"]
[EventRounds "10"]
[EventCountry "ESP"]
[WhiteTeam "Palacio de Pioneros"]
[BlackTeam "Teruel"]

1. d4 Nf6 2. Bf4 e6 3. e3 c5 4. c3 Nc6 5. Nd2 d5 6. Ngf3 Bd6 7. Bg3 O-O 8. Bd3
b6 9. Qe2 Bb7 10. Rd1 cxd4 11. exd4 Qc7 12. Ne5 Rad8 13. O-O Ne7 14. Bh4 Ng6
15. Nxg6 hxg6 16. Nf3 Rde8 17. Ne5 Nh5 18. Qe3 Be7 19. Nxg6 Bxh4 20. Nxh4 Qf4
21. Qh3 Nf6 22. Nf3 Qg4 23. Qxg4 Nxg4 24. Rfe1 Rc8 25. Nd2 Rfd8 26. f3 Nf6 27.
Kf2 g6 28. h4 Kg7 29. g3 Rc7 30. Rc1 Rdc8 31. Nb1 Bc6 32. b3 Bb7 33. Rc2 Rd8
34. Na3 Rcd7 35. Bb5 Rc7 36. Bf1 Rcd7 37. Rd2 Rc8 38. Rc1 Rcd8 39. Rcd1 Rc8 40.
c4 dxc4 41. bxc4 Rcd8 42. Nc2 Bc6 43. Ke3 Ba4 44. Rc1 e5 45. d5 Rc7 46. Nb4 a5
47. Nd3 Re7 48. Nf2 Rc7 49. Rb1 b5 50. d6 Rc5 51. Nd3 Rxc4 52. Nxe5 Rc5 53. f4
Rc3+ 54. Rd3 Rxd3+ 55. Bxd3 Rxd6 56. Rb2 Nd5+ 57. Ke2 Nc3+ 58. Kd2 Ne4+ 59. Ke3
Nxg3 60. Rh2 Nh5 61. f5 Rd5 62. Ke4 Nf6+ 63. Kf4 Nh5+ 64. Ke4 Nf6+ 65. Kf4 Nh5+
1/2-1/2

[Event "División  Honor Aragonesa 2018 "]
[Site "Aragon"]
[Date "2018.03.03"]
[Round "6.17"]
[White "Garza Marco, Sergio"]
[Black "Guetas Sanchez, Hugo"]
[Result "1-0"]
[WhiteElo "2418"]
[BlackElo "2123"]
[PlyCount "65"]
[EventDate "2018.??.??"]
[EventType "tourn"]
[EventRounds "10"]
[EventCountry "ESP"]
[WhiteTeam "Helios"]
[BlackTeam "Enroque S.M.A."]

1. d4 Nf6 2. Bf4 e6 3. e3 c5 4. c3 b6 5. Nf3 Bb7 6. Nbd2 cxd4 7. exd4 Be7 8.
Bd3 O-O 9. h3 d6 10. O-O a6 11. Re1 Re8 12. a4 Nbd7 13. Bh2 Nf8 14. Qe2 Qd7 15.
Nc4 Nd5 16. Ne3 Nf6 17. Nd2 Ng6 18. Ndc4 Qc7 19. a5 b5 20. Nb6 Ra7 21. c4 bxc4
22. Bxc4 e5 23. Rac1 Qd8 24. dxe5 Nxe5 25. Bb3 Bf8 26. Red1 Qb8 27. Ba4 Re6 28.
Qc2 Ne4 29. Bxe5 dxe5 30. Nd7 Qa8 31. Nxf8 Kxf8 32. Qc7 Bc6 33. Bxc6 1-0

[Event "División  Honor Aragonesa 2018 "]
[Site "Aragon"]
[Date "2018.03.03"]
[Round "6.18"]
[White "Escuer Sanchez, Nestor"]
[Black "Guzman Moneo, Alberto"]
[Result "1-0"]
[WhiteElo "2074"]
[BlackElo "2239"]
[PlyCount "111"]
[EventDate "2018.??.??"]
[EventType "tourn"]
[EventRounds "10"]
[EventCountry "ESP"]
[WhiteTeam "Enroque S.M.A."]
[BlackTeam "Helios"]

1. e4 g6 2. Bc4 e6 3. Nc3 c6 4. d4 d5 5. Bb3 Nf6 6. e5 Nfd7 7. Nce2 c5 8. c3
Nc6 9. Nf3 Bg7 10. h4 h6 11. Bc2 Qa5 12. O-O c4 13. Bd2 b5 14. Qb1 Nf8 15. b4
cxb3 16. axb3 Qb6 17. Bd3 a5 18. c4 b4 19. Be3 Ne7 20. Nf4 Bb7 21. Rc1 dxc4 22.
bxc4 Qd8 23. Be4 Rb8 24. Nd2 Nc6 25. Nb3 Qxh4 26. Nxa5 Nxa5 27. Rxa5 Qd8 28.
Rb5 Bxe4 29. Qxe4 Nd7 30. Nxg6 fxg6 31. Qxg6+ Kf8 32. Qxe6 Qe7 33. Qf5+ Qf7 34.
Qe4 Qe6 35. f4 Re8 36. Rxb4 Nf6 37. Qf3 Nd7 38. Rb7 Re7 39. f5 Qa6 40. f6 Nxf6
41. Rxe7 Kxe7 42. exf6+ Bxf6 43. d5 Re8 44. Bxh6 Rg8 45. Qe4+ Kd8 46. Rf1 Be7
47. Be3 Rg3 48. Bf2 Rc3 49. Re1 Qa3 50. Qe6 Rc1 51. Bb6+ Ke8 52. Qc8+ Kf7 53.
Qf5+ Ke8 54. Qg6+ Kf8 55. Qh6+ Kf7 56. Qxc1 1-0

[Event "División  Honor Aragonesa 2018 "]
[Site "Aragon"]
[Date "2018.03.03"]
[Round "6.19"]
[White "Navarro Alonso, Jorge"]
[Black "Sig Vargas, Pablo"]
[Result "1-0"]
[WhiteElo "2190"]
[BlackElo "1873"]
[PlyCount "125"]
[EventDate "2018.??.??"]
[EventType "tourn"]
[EventRounds "10"]
[EventCountry "ESP"]
[WhiteTeam "Helios"]
[BlackTeam "Enroque S.M.A."]

1. e4 e5 2. Nf3 Nf6 3. Nxe5 d6 4. Nf3 Nxe4 5. Nc3 Nf6 6. d4 Be7 7. Bd3 O-O 8.
h3 Nbd7 9. Bf4 Re8 10. O-O Nf8 11. d5 Ng6 12. Bh2 Bd7 13. Qd2 Bf8 14. Rfe1 Ne7
15. Bc4 g6 16. Bf4 Bg7 17. Bg5 a6 18. a4 h5 19. Nd4 Nh7 20. Ne6 fxe6 21. dxe6
Bc6 22. Rad1 Nxg5 23. Qxg5 Kh7 24. Bd3 Nf5 25. Qf4 Bh6 26. Qb4 Ng7 27. Bc4 Rb8
28. Rd3 Qf6 29. Nd5 Bxd5 30. Bxd5 Nxe6 31. Rf3 Nf4 32. Rxe8 Rxe8 33. Bxb7 Qe5
34. Bxa6 Qe1+ 35. Qxe1 Rxe1+ 36. Kh2 Kg7 37. g3 Nd5 38. Bb7 Nb4 39. a5 Rc1 40.
a6 Ra1 41. Ra3 Rxa3 42. bxa3 Nxa6 43. Bxa6 Kf6 44. Kg2 Kf5 45. f4 Bg7 46. Kf3
Kf6 47. g4 Ke6 48. Bd3 Kf6 49. a4 hxg4+ 50. hxg4 g5 51. fxg5+ Kxg5 52. Bf5 Bc3
53. Ke4 Kf6 54. Kd5 Ba5 55. Kc6 Ke5 56. Kb5 Bd2 57. a5 d5 58. a6 Be3 59. Kc6
Bb6 60. Kb7 d4 61. a7 Bxa7 62. Kxa7 c5 63. Bd3 1-0

[Event "División  Honor Aragonesa 2018 "]
[Site "Aragon"]
[Date "2018.03.03"]
[Round "6.20"]
[White "Campo Pelegrin, Ramon"]
[Black "Cerrajeria Ruiz, Jesus Maria"]
[Result "0-1"]
[WhiteElo "1779"]
[BlackElo "2142"]
[PlyCount "56"]
[EventDate "2018.??.??"]
[EventType "tourn"]
[EventRounds "10"]
[EventCountry "ESP"]
[WhiteTeam "Enroque S.M.A."]
[BlackTeam "Helios"]

1. e4 c5 2. Nc3 Nc6 3. f4 e6 4. Nf3 a6 5. a4 d5 6. d3 Nf6 7. e5 d4 8. Ne4 Nxe4
9. dxe4 Bd7 10. Bd3 b5 11. axb5 axb5 12. Rxa8 Qxa8 13. b3 Nb4 14. O-O Be7 15.
Qe2 Nxd3 16. Qxd3 O-O 17. b4 c4 18. Qxd4 Bc6 19. Be3 Bxb4 20. Ra1 Qc8 21. Qb6
Bc3 22. Ra6 Bxe4 23. Qxb5 h6 24. Bc5 Rd8 25. Bd6 Qb7 26. Qxb7 Bxb7 27. Ra7 Bxf3
28. gxf3 Bd4+ 0-1

[Event "División  Honor Aragonesa 2018 "]
[Site "Aragon"]
[Date "2018.03.03"]
[Round "6.21"]
[White "Cebollada Pacheco, Jesus Raul"]
[Black "Del Rey, Diego"]
[Result "0-1"]
[WhiteElo "2042"]
[BlackElo "2323"]
[PlyCount "90"]
[EventDate "2018.??.??"]
[EventType "tourn"]
[EventRounds "10"]
[EventCountry "ESP"]
[WhiteTeam "St. Casablanca B"]
[BlackTeam "El Olivar"]

1. Nf3 Nf6 2. c4 d6 3. g3 g6 4. Bg2 Bg7 5. Nc3 O-O 6. O-O c6 7. d4 Qa5 8. h3 e5
9. dxe5 dxe5 10. Nd2 Na6 11. a3 Rd8 12. Qc2 Bf5 13. Qa4 Qc7 14. Nde4 Nxe4 15.
Nxe4 Qc8 16. g4 Bxe4 17. Bxe4 Nc5 18. Qc2 Nxe4 19. Qxe4 f5 20. gxf5 gxf5 21.
Qf3 Rd6 22. Kh1 Rg6 23. Rg1 Qe6 24. Qh5 f4 25. Rxg6 hxg6 26. Qg4 Qxc4 27. Kh2
Rd8 28. Be3 Kf7 29. Rg1 Qe6 30. Qxe6+ Kxe6 31. Bxa7 Kf5 32. e4+ Kxe4 33. Rxg6
Rd7 34. h4 Kf5 35. Rg5+ Ke6 36. Kh3 Bf6 37. Rg6 Kf5 38. Rg8 Rd3+ 39. Kg2 Bxh4
40. Bc5 Rb3 41. Rf8+ Ke4 42. Rh8 Bg5 43. Rg8 f3+ 44. Kh3 Bf4 45. Rb8 Rxb2 0-1

[Event "División  Honor Aragonesa 2018 "]
[Site "Aragon"]
[Date "2018.03.03"]
[Round "6.22"]
[White "Villuendas Valero, Adrian"]
[Black "Arjol Lopez, Daniel"]
[Result "1/2-1/2"]
[WhiteElo "2291"]
[BlackElo "2042"]
[PlyCount "81"]
[EventDate "2018.??.??"]
[EventType "tourn"]
[EventRounds "10"]
[EventCountry "ESP"]
[WhiteTeam "El Olivar"]
[BlackTeam "St. Casablanca B"]

1. d4 Nf6 2. Nf3 e6 3. Bf4 c5 4. e3 Nc6 5. Nbd2 d5 6. c3 Be7 7. Bd3 O-O 8. Ne5
Nd7 9. Qh5 f5 10. O-O Ndxe5 11. dxe5 Bd7 12. Qe2 g5 13. Bg3 Be8 14. Rab1 h5 15.
f4 g4 16. Rfd1 c4 17. Bc2 Qa5 18. a3 b5 19. Qe1 Bf7 20. Bh4 Rfb8 21. Bxe7 Nxe7
22. Qh4 Ng6 23. Qg5 Qd8 24. Qxd8+ Rxd8 25. h3 Kg7 26. hxg4 hxg4 27. Nf1 Ne7 28.
Ng3 a5 29. Kf2 Nc6 30. Rh1 Rh8 31. Rxh8 Rxh8 32. Rh1 Rxh1 33. Nxh1 Be8 34. Ng3
Kf8 35. Ne2 Bd7 36. Kg3 Kg7 37. Kh4 Kh6 38. Nd4 Nxd4 39. exd4 a4 40. Bd1 Kg6
41. Bc2 1/2-1/2

[Event "División  Honor Aragonesa 2018 "]
[Site "Aragon"]
[Date "2018.03.03"]
[Round "6.23"]
[White "Roque Sola, Gisela"]
[Black "Hernando Garcia, Antonio"]
[Result "1-0"]
[WhiteElo "1978"]
[BlackElo "2158"]
[PlyCount "136"]
[EventDate "2018.??.??"]
[EventType "tourn"]
[EventRounds "10"]
[EventCountry "ESP"]
[WhiteTeam "St. Casablanca B"]
[BlackTeam "El Olivar"]

1. c4 Nf6 2. Nf3 c6 3. g3 d5 4. b3 Bf5 5. Bb2 e6 6. Bg2 h6 7. O-O Be7 8. d3 O-O
9. Nbd2 Nbd7 10. Qc2 Qa5 11. a3 Rfc8 12. Bc3 Qd8 13. Qb2 Bh7 14. Rfe1 Ne8 15.
Rad1 Bf6 16. d4 Be7 17. e4 Nef6 18. e5 Ne8 19. Nf1 b5 20. Ne3 bxc4 21. bxc4
Rcb8 22. Qa2 Qb6 23. Nd2 Qa6 24. cxd5 cxd5 25. Nxd5 exd5 26. Bxd5 Nc7 27. Bxf7+
Kh8 28. d5 Qxa3 29. Qxa3 Bxa3 30. Ba5 Nb6 31. d6 Ne8 32. Nf3 Rd8 33. Bxb6 axb6
34. Bxe8 Rxe8 35. e6 Bf5 36. d7 Rxe6 37. Rxe6 Bxe6 38. d8=Q+ Rxd8 39. Rxd8+ Kh7
40. Nd4 Bc4 41. Kg2 Bc5 42. Kf3 Kg6 43. Ke4 Kf6 44. Rc8 Ba2 45. Rc6+ Kf7 46.
Ke5 g6 47. Rc7+ Ke8 48. f4 h5 49. Ne6 Ba3 50. Nd4 Bc5 51. h3 Bb1 52. g4 hxg4
53. hxg4 Bd3 54. f5 gxf5 55. Nxf5 Bg1 56. Ke6 Bxf5+ 57. gxf5 Kd8 58. Rd7+ Kc8
59. f6 Bc5 60. f7 Bf8 61. Re7 Bg7 62. Re8+ Kc7 63. f8=Q Bxf8 64. Rxf8 Kc6 65.
Rf5 b5 66. Rd5 Kb6 67. Ke5 Ka5 68. Kd4 Ka4 1-0

[Event "División  Honor Aragonesa 2018 "]
[Site "Aragon"]
[Date "2018.03.03"]
[Round "6.24"]
[White "Melendez Fierro, Juan Bautista"]
[Black "Sanjulian Arruga, Pablo"]
[Result "1-0"]
[WhiteElo "2117"]
[BlackElo "1788"]
[PlyCount "59"]
[EventDate "2018.??.??"]
[EventType "tourn"]
[EventRounds "10"]
[EventCountry "ESP"]
[WhiteTeam "El Olivar"]
[BlackTeam "St. Casablanca B"]

1. e4 c5 2. Nc3 Nc6 3. g3 g6 4. Bg2 Bg7 5. f4 d6 6. d3 Nf6 7. Nf3 O-O 8. O-O
Rb8 9. a4 a6 10. h3 b5 11. axb5 axb5 12. g4 b4 13. Ne2 Nd7 14. Qe1 e6 15. Ng3
Qb6 16. Kh1 Ba6 17. f5 exf5 18. exf5 Rfe8 19. Qf2 c4 20. fxg6 fxg6 21. Rxa6
Qxa6 22. Ng5 Ne7 23. Qf7+ Kh8 24. Ne6 Rg8 25. Qxe7 Ne5 26. Nxg7 Rxg7 27. Rf8+
Rxf8 28. Qxf8+ Rg8 29. Qf6+ Rg7 30. Bh6 1-0

[Event "División  Honor Aragonesa 2018 "]
[Site "Aragon"]
[Date "2018.03.03"]
[Round "6.25"]
[White "Roche Simon, Manuel Angel"]
[Black "Salamero Pelay, Fernando"]
[Result "1-0"]
[WhiteElo "2210"]
[BlackElo "2155"]
[PlyCount "107"]
[EventDate "2018.??.??"]
[EventType "tourn"]
[EventRounds "10"]
[EventCountry "ESP"]
[WhiteTeam "Delicias"]
[BlackTeam "Atletismo Huesca"]

1. e4 c5 2. Nf3 Nc6 3. d4 cxd4 4. Nxd4 Nf6 5. Nc3 e5 6. Ndb5 d6 7. Bg5 a6 8.
Na3 Be6 9. Nc4 Rb8 10. Ne3 Nd4 11. Bd3 Be7 12. Bxf6 Bxf6 13. Ncd5 Bg5 14. c3
Nc6 15. a4 O-O 16. h4 Bh6 17. g4 Bf4 18. Qf3 Ne7 19. Nxf4 exf4 20. Qxf4 Ng6 21.
Qg3 Ne5 22. Be2 Qb6 23. Nd1 Rbe8 24. O-O d5 25. Re1 Bxg4 26. Bxg4 Nxg4 27. Qxg4
f5 28. Qg5 dxe4 29. Kh1 Re6 30. Rg1 Rg6 31. Qf4 Rh6 32. Ne3 Rh5 33. Rg2 Qxb2
34. Rag1 Qxc3 35. Rxg7+ Qxg7 36. Rxg7+ Kxg7 37. Qe5+ Kg6 38. Ng2 Kh6 39. Qe6+
Kg7 40. Qe5+ Kg8 41. Kh2 Rh6 42. Kh3 Rhf6 43. Nf4 h6 44. h5 Kh7 45. Nd5 R6f7
46. Qe6 Rg7 47. Nf6+ Kh8 48. Nd7 Rfg8 49. Qxh6+ Rh7 50. Qf6+ Rgg7 51. Qf8+ Rg8
52. Qxf5 Rh6 53. Kh4 Rg2 54. Qf8+ 1-0

[Event "División  Honor Aragonesa 2018 "]
[Site "Aragon"]
[Date "2018.03.03"]
[Round "6.26"]
[White "Abril Avellanas, Eduardo"]
[Black "Llanes Luno, Ricardo"]
[Result "0-1"]
[WhiteElo "2142"]
[BlackElo "2179"]
[PlyCount "28"]
[EventDate "2018.??.??"]
[EventType "tourn"]
[EventRounds "10"]
[EventCountry "ESP"]
[WhiteTeam "Atletismo Huesca"]
[BlackTeam "Delicias"]

1. c4 e5 2. g3 Nf6 3. Bg2 c6 4. d4 exd4 5. Qxd4 d5 6. Nc3 Be6 7. cxd5 cxd5 8.
Nf3 Nc6 9. Qa4 Be7 10. O-O O-O 11. Rd1 Qb6 12. Nb5 Bc5 13. Nbd4 Nxd4 14. Nxd4
Bd7 0-1

[Event "División  Honor Aragonesa 2018 "]
[Site "Aragon"]
[Date "2018.03.03"]
[Round "6.27"]
[White "Lamas Mercadal, Manuel"]
[Black "Luis Vitalla, Fernando"]
[Result "1/2-1/2"]
[WhiteElo "2133"]
[BlackElo "2116"]
[PlyCount "93"]
[EventDate "2018.??.??"]
[EventType "tourn"]
[EventRounds "10"]
[EventCountry "ESP"]
[WhiteTeam "Delicias"]
[BlackTeam "Atletismo Huesca"]

1. e4 c5 2. d4 cxd4 3. c3 Nf6 4. e5 Nd5 5. Nf3 Nc6 6. Bc4 Nb6 7. Bb3 e6 8. cxd4
d6 9. Bg5 Be7 10. Bxe7 Nxe7 11. Qe2 Bd7 12. O-O Bc6 13. Nc3 Ng6 14. Ne4 Bxe4
15. Qxe4 d5 16. Qg4 h5 17. Qg3 Rc8 18. Rac1 Qd7 19. Bc2 Rh6 20. b3 Rc7 21. Bd3
Kd8 22. Qg5+ Qe7 23. Rxc7 Kxc7 24. Bxg6 Qxg5 25. Nxg5 Rxg6 26. Nxf7 Nc8 27. f4
Ne7 28. Nd6 Nf5 29. Rc1+ Kd7 30. Nxf5 exf5 31. Kf2 b6 32. Rc3 h4 33. b4 a6 34.
a4 Rg4 35. Kf3 g5 36. fxg5 Rxd4 37. e6+ Kd6 38. b5 axb5 39. axb5 Kxe6 40. Rc6+
Ke5 41. Rxb6 Rg4 42. g6 d4 43. Rc6 Kd5 44. Rf6 Ke5 45. Rc6 Kd5 46. Rf6 Ke5 47.
Rc6 1/2-1/2

[Event "División  Honor Aragonesa 2018 "]
[Site "Aragon"]
[Date "2018.03.03"]
[Round "6.28"]
[White "Gella Lopez, Angel"]
[Black "Neila Castillo, Miguel Angel"]
[Result "0-1"]
[WhiteElo "2110"]
[BlackElo "2128"]
[PlyCount "72"]
[EventDate "2018.??.??"]
[EventType "tourn"]
[EventRounds "10"]
[EventCountry "ESP"]
[WhiteTeam "Atletismo Huesca"]
[BlackTeam "Delicias"]

1. d4 Nf6 2. c4 c5 3. d5 e6 4. Nc3 exd5 5. cxd5 d6 6. e4 g6 7. Bd3 Bg7 8. Nge2
O-O 9. O-O b6 10. Ng3 Ba6 11. Bxa6 Nxa6 12. f4 Nc7 13. a4 a6 14. Qd3 b5 15.
axb5 axb5 16. Rxa8 Qxa8 17. Rd1 c4 18. Qf3 Nd7 19. Nce2 Nc5 20. f5 Ne8 21. Bg5
Bxb2 22. Be7 Qa7 23. Bxf8 Nxe4+ 24. Kf1 Nxg3+ 25. hxg3 Kxf8 26. fxg6 hxg6 27.
Nf4 Kg7 28. Re1 Nf6 29. g4 Be5 30. g3 b4 31. g5 Nh7 32. Qe4 Qa2 33. Rc1 Bc3 34.
Ne2 Nxg5 35. Nxc3 Qd2 36. Ne2 Nxe4 0-1

[Event "División  Honor Aragonesa 2018 "]
[Site "Aragon"]
[Date "2018.03.03"]
[Round "6.29"]
[White "Baron Rodriguez, Jesus"]
[Black "Fernandez Rubio, Rafael"]
[Result "1-0"]
[WhiteElo "2423"]
[BlackElo "2056"]
[PlyCount "93"]
[EventDate "2018.??.??"]
[EventType "tourn"]
[EventRounds "10"]
[EventCountry "ESP"]
[WhiteTeam "Ibercaja"]
[BlackTeam "Tauste"]

1. e4 c6 2. Nc3 d5 3. Nf3 Bg4 4. h3 Bxf3 5. Qxf3 dxe4 6. Nxe4 Nd7 7. d4 Ndf6 8.
Be3 Nxe4 9. Qxe4 Nf6 10. Qf3 e6 11. Bd3 Qd5 12. Ke2 Qxf3+ 13. Kxf3 Nd5 14. c3
Nxe3 15. fxe3 O-O-O 16. Rhf1 Bd6 17. Ke2 f6 18. Rad1 Kc7 19. Bc4 Rhe8 20. a4 e5
21. d5 c5 22. e4 a5 23. Ke3 Rf8 24. Be2 Be7 25. Bg4 Rd6 26. Kd3 Rb6 27. Rd2 Rd8
28. Kc4 Bf8 29. Rdf2 Rbd6 30. Bf5 h6 31. Rf3 Rb8 32. Ra1 Kb6 33. h4 Ka6 34. Rg3
Rdd8 35. Rg6 b6 36. g4 Rd6 37. Be6 b5+ 38. axb5+ Rxb5 39. Bc8+ Kb6 40. b3 Rd8
41. Be6 Ka6 42. g5 hxg5 43. hxg5 Rb6 44. gxf6 gxf6 45. Rxf6 Rdb8 46. Rf2 Rxb3
47. Rxf8 1-0

[Event "División  Honor Aragonesa 2018 "]
[Site "Aragon"]
[Date "2018.03.03"]
[Round "6.30"]
[White "Sancho Casale, Jesus"]
[Black "Moreno Gracia, Daniel"]
[Result "0-1"]
[WhiteElo "2005"]
[BlackElo "2309"]
[PlyCount "92"]
[EventDate "2018.??.??"]
[EventType "tourn"]
[EventRounds "10"]
[EventCountry "ESP"]
[WhiteTeam "Tauste"]
[BlackTeam "Ibercaja"]

1. d4 d5 2. c4 e6 3. Nc3 c6 4. cxd5 exd5 5. Nf3 Bf5 6. Bf4 Bd6 7. Ne5 f6 8. Nd3
Bxf4 9. Nxf4 Qb6 10. Qd2 Ne7 11. g4 Bd7 12. e3 Na6 13. a3 O-O 14. Bd3 Bxg4 15.
Rg1 Bf5 16. O-O-O Bxd3 17. Qxd3 Nc7 18. f3 Rf7 19. Rg3 Qb3 20. Rdg1 b5 21. e4
Ne8 22. Ne6 a5 23. e5 fxe5 24. Ng5 Rf5 25. Ne6 g6 26. dxe5 Qc4 27. Qxc4 bxc4
28. f4 Ng7 29. Nxg7 Kxg7 30. Ne2 c5 31. Rf3 Raf8 32. Ng3 Rxe5 33. Kd2 Nc6 34.
Kc3 Nd4 35. Rf2 Re3+ 36. Kd2 Rfe8 37. Kc1 Ne2+ 38. Nxe2 Rxe2 39. Rff1 Rxh2 40.
f5 Ree2 41. f6+ Kf7 42. Rg5 Rc2+ 43. Kb1 Rxb2+ 44. Ka1 Ra2+ 45. Kb1 Rhb2+ 46.
Kc1 c3 0-1

[Event "División  Honor Aragonesa 2018 "]
[Site "Aragon"]
[Date "2018.03.03"]
[Round "6.31"]
[White "Lopez Gracia, Fernando"]
[Black "Muro Turon, Raul"]
[Result "1-0"]
[WhiteElo "2302"]
[BlackElo "1884"]
[PlyCount "39"]
[EventDate "2018.??.??"]
[EventType "tourn"]
[EventRounds "10"]
[EventCountry "ESP"]
[WhiteTeam "Ibercaja"]
[BlackTeam "Tauste"]

1. e4 e5 2. Nf3 Nf6 3. Nxe5 d6 4. Nf3 Nxe4 5. d3 Nf6 6. d4 d5 7. Bd3 Be7 8. h3
O-O 9. O-O h6 10. Re1 Be6 11. Nc3 c5 12. dxc5 Bxc5 13. Na4 Bd6 14. Be3 Qa5 15.
Nc3 a6 16. Qd2 Nc6 17. Nd4 Bd7 18. Bxh6 g6 19. Nxc6 bxc6 20. Ne4 1-0

[Event "División  Honor Aragonesa 2018 "]
[Site "Aragon"]
[Date "2018.03.03"]
[Round "6.32"]
[White "San Lazaro Lorente, David"]
[Black "Sanchez Castro, Roberto"]
[Result "0-1"]
[WhiteElo "1846"]
[BlackElo "1989"]
[PlyCount "90"]
[EventDate "2018.??.??"]
[EventType "tourn"]
[EventRounds "10"]
[EventCountry "ESP"]
[WhiteTeam "Tauste"]
[BlackTeam "Ibercaja"]

1. d4 Nf6 2. Nf3 d6 3. e3 g6 4. Bd3 Bg7 5. O-O O-O 6. Nbd2 c6 7. c3 Qc7 8. Qc2
e5 9. b3 Re8 10. Bb2 Bg4 11. dxe5 dxe5 12. e4 h6 13. h3 Be6 14. c4 Nh5 15. Rfd1
Nf4 16. Nf1 c5 17. Ne3 Nc6 18. Nd5 Bxd5 19. cxd5 Nb4 20. Qc4 Nbxd3 21. Rxd3
Nxd3 22. Qxd3 Rad8 23. Nd2 Bf8 24. Nc4 b5 25. Nd2 a6 26. a4 Rb8 27. Qg3 Kh7 28.
axb5 axb5 29. Nf3 Bg7 30. Ra6 Rb6 31. Rxb6 Qxb6 32. Bxe5 Bxe5 33. Nxe5 Qf6 34.
Ng4 Qa1+ 35. Kh2 h5 36. Qf4 Kg7 37. Qh6+ Kg8 38. Ne3 Qe5+ 39. Kg1 Qxe4 40. Qg5
Qe5 41. Qh4 Qd4 42. Qg3 Qa1+ 43. Nf1 c4 44. d6 Re1 45. d7 Rxf1+ 0-1

[Event "Cto Aragon Equipos Pref Gr I "]
[Site "Aragon"]
[Date "2018.03.03"]
[Round "6.33"]
[White "Lopez Caudevilla, David"]
[Black "Galve Guinea, Alejandro"]
[Result "1/2-1/2"]
[WhiteElo "2115"]
[BlackElo "2019"]
[PlyCount "70"]
[EventDate "2018.??.??"]
[EventType "tourn"]
[EventRounds "9"]
[EventCountry "ESP"]
[WhiteTeam "Actur Rey Fernando"]
[BlackTeam "El Olivar C"]

1. e4 e6 2. d3 d5 3. Nd2 c5 4. g3 Nc6 5. Bg2 Nf6 6. Ngf3 Be7 7. O-O O-O 8. Re1
Rb8 9. c3 b5 10. Qc2 b4 11. Nf1 bxc3 12. bxc3 dxe4 13. dxe4 Ba6 14. e5 Nd5 15.
h4 h6 16. N1h2 Qa5 17. Bd2 Qa3 18. Rab1 Rxb1 19. Rxb1 Rb8 20. Rxb8+ Nxb8 21.
Ng4 Bf8 22. c4 Nb4 23. Qe4 N8c6 24. Bxh6 Qd3 25. Qf4 Qf5 26. Ne3 Qxf4 27. Bxf4
Nxa2 28. Ng5 Nd4 29. Be4 Nc3 30. Bh7+ Kh8 31. Bd3 Nce2+ 32. Kf1 Nxf4 33. gxf4
Kg8 34. Bh7+ Kh8 35. Bd3 Kg8 1/2-1/2

[Event "Cto Aragon Equipos Pref Gr I "]
[Site "Aragon"]
[Date "2018.03.03"]
[Round "6.34"]
[White "Sarto Ramos, Angel"]
[Black "Serrano San Nicolas, Angel"]
[Result "0-1"]
[WhiteElo "1937"]
[BlackElo "1998"]
[PlyCount "108"]
[EventDate "2018.??.??"]
[EventType "tourn"]
[EventRounds "9"]
[EventCountry "ESP"]
[WhiteTeam "El Olivar C"]
[BlackTeam "Actur Rey Fernando"]

1. d4 Nf6 2. Nc3 e6 3. e4 Bb4 4. a3 Bxc3+ 5. bxc3 Nxe4 6. Qd3 d5 7. Ne2 b6 8.
f3 Ba6 9. Qe3 Nd6 10. Qe5 Qf6 11. Qxf6 gxf6 12. g3 Nc6 13. Bg2 O-O-O 14. Nf4 h5
15. Nd3 Bc4 16. a4 Rdg8 17. Ba3 Nf5 18. Kf2 h4 19. g4 h3 20. Bf1 Nd6 21. Rg1
Rg7 22. Bxd6 cxd6 23. Nf4 e5 24. Nh5 Rg6 25. Bxh3 f5 26. Bf1 Bxf1 27. Raxf1 f4
28. dxe5 dxe5 29. Rd1 Rd8 30. h4 Na5 31. g5 Rh8 32. Nf6 Rxh4 33. Rxd5 Rh2+ 34.
Ke1 Rxc2 35. Rxe5 Rxc3 36. Re8+ Kb7 37. Re7+ Ka6 38. Nd5 Nc6 39. Rxf7 Rc1+ 40.
Kf2 Rxg1 41. Kxg1 Rxg5+ 42. Kf2 Rxd5 43. Rxf4 Rd4 44. Rf6 Ne5 45. Rf5 Ng6 46.
a5 Ne7 47. Rf7 Nd5 48. axb6 axb6 49. Rd7 b5 50. Kg3 b4 51. f4 Nxf4 52. Rh7 Nd5
53. Kf3 Kb5 54. Rh8 b3 0-1